No Oil Cooking / (Record no. 178257)
[ view plain ]
| 000 -LEADER | |
|---|---|
| fixed length control field | 00509nam a22001697a 4500 |
| 005 - DATE AND TIME OF LATEST TRANSACTION | |
| control field | 20210323162132.0 |
| 010 ## - LCCN (DPL NO) | |
| LC control number | B-230144 |
| 020 ## - INTERNATIONAL STANDARD BOOK NUMBER | |
| International Standard Book Number | 8179912795 |
| 035 ## - SYSTEM CONTROL NUMBER | |
| System control number | B-230144 |
| 082 ## - DEWEY DECIMAL CLASSIFICATION NUMBER | |
| Classification number | 641.5 |
| Item number | SAN |
| 100 ## - MAIN ENTRY--PERSONAL NAME | |
| Personal name | Kapoor ,Sanjeev |
| 245 ## - TITLE STATEMENT | |
| Title | No Oil Cooking / |
| Statement of responsibility, etc | Sanjeev Kapoor |
| 260 ## - PUBLICATION, DISTRIBUTION, ETC. (IMPRINT) | |
| Place of publication, distribution, etc | Mumbai |
| Name of publisher, distributor, etc | Popular Prakashan Pvt .Ltd. |
| Date of publication, distribution, etc | 2006 |
| 270 ## - ADDRESS | |
| Address | 301 Mahalaxmi Chambers 22, Bhulabhi Desai Road |
| City | Mumbai |
| Postal code | 400026 |
| 300 ## - PHYSICAL DESCRIPTION | |
| Extent | 148p. |
| Other physical details | col.ill |
| Dimensions | 24cm.(Hb) |
| 942 ## - ADDED ENTRY ELEMENTS (KOHA) | |
| Source of classification or shelving scheme | Dewey Decimal Classification |
| Item type | English Books |
| Call number suffix | SAN |
| Classification part | 641.5 |
| Withdrawn status | Lost status | Not for loan | Collection code | Home library | Current library | Date acquired | Full call number | Barcode | Copy number | Koha item type | Public note |
|---|---|---|---|---|---|---|---|---|---|---|---|
| Non-fiction | Central Library | Central Library | 23/03/2021 | 641.5 SAN | B-230144 | 1 | English Books | Legal Case Register No. 28 |
